=LDR 00000nam 2200000 4500 =001 INLIS000000000006528 =005 20200819093050 =035 ##$$a 0010-061300000006528 =008 200819################g##########0#ind## =041 ##$$a Ind =082 ##$$a 2x9.872 =090 ##$$a 2x9.876, Ban b =245 ##$$a Bang Imad, : $b Pemikiran dan gerakan dakwahnya, /$c Penyunting, Jimly Asshiddigie =260 ##$$a Jakarta :$b Gema Insani Press,$c 2002 =300 ##$$a xxviii, 294 hlm, ; $c 14x24 cm =650 #4$$a Islam-Biografi =700 #$$a Asshiddigie, Jimly =850 ##$$a NBPNMAT =020 ##$$a 979-561-726-6 =084 ##$$a 2x9.872 BAN =250 ##$$a cet.1 =990 ##$$a DW00025533 =990 ##$$a 1200201144